| 000 | 01139nam a22002057a 4500 | ||
|---|---|---|---|
| 001 | 5715 | ||
| 003 | FISKH | ||
| 005 | 20250115162752.0 | ||
| 008 | 250115b cb ||||| |||| 00| 0 eng d | ||
| 020 | _a9781107612334 | ||
| 040 |
_aFISKH _beng _cFISKH _dFISKH |
||
| 082 | _a330 | ||
| 100 | _aGrant, Susan | ||
| 245 |
_aCambridge IGCSE : Economics / _cby Susan Grant |
||
| 250 | _aFirst published 2014 | ||
| 260 |
_aCambridge : _bCambridge University Press ; _c2014. |
||
| 300 |
_a571 pages : _bcolor illustrations ; _c25 cm . |
||
| 520 | _aEndorsed by Cambridge International Examinations, Cambridge IGCSE Economics covers the Cambridge syllabus (0455). The book draws extensively on real world examples to explore economic concepts, theories and issues. Each of the 52 units deals with a specific topic in a lucid and pertinent manner. A number of activities, based on examples from around the world, are designed to facilitate students' easy understanding of the contents. There is a range of questions both at the end of units and at the end of each of the eight sections to assess students' progress in the subject. | ||
| 942 |
_2ddc _cBK _n0 |
||
| 999 |
_c5715 _d5715 |
||